| 000 | 00763 a2200229 4500 | ||
|---|---|---|---|
| 003 | Nust | ||
| 005 | 20231226162811.0 | ||
| 008 | 170227b xxu||||| |||| 00| 0 eng d | ||
| 020 | _a9694321751 | ||
| 020 | _a9789694321752 | ||
| 040 | _c0 | ||
| 082 |
_a320.954 _bSHE |
||
| 100 | 1 | _aSherwani, Haroon Khan. | |
| 245 | 1 | 0 |
_aStudies in muslim political thought and administration / _cHaroon Khan Sherwani. |
| 250 | _a7th Revised edition ed. | ||
| 260 |
_a[S.l.] : _bAshraf,Lahore, _c1970. |
||
| 300 | _a279 p. | ||
| 500 | _aHardcover. | ||
| 856 | 4 | 0 |
_3Amazon.com _uhttp://www.amazon.com/exec/obidos/ASIN/9694321751/chopaconline-20 |
| 856 | 4 | 0 |
_3Amazon customer reviews _uhttp://www.chopac.org/cgi-bin/tools/azrev.pl?q=9694321751 |
| 942 |
_cBK _k320.954 SHE _2ddc |
||
| 999 |
_c344089 _d344089 |
||